MARC

LEADER 00000nam0a2200000 4500
001 294618
005 20231102000723.0
035 |a (RuTPU)RU\TPU\book\319691 
090 |a 294618 
100 |a 20150514d1979 km y0rusy50 ca 
101 0 |a rus 
102 |a RU 
105 |a y z 001zy 
200 1 |a Приближенные решения нелинейных задач теплопроводности  |f Л. И. Кудряшев, Н. Л. Меньших 
210 |a Москва  |c Машиностроение  |d 1979 
215 |a 232 с.  |c ил. 
320 |a Библиогр.: с. 228-231. 
606 1 |a Теплопроводность  |x Теплотехника  |2 stltpush  |3 (RuTPU)RU\TPU\subj\59795  |9 77293 
610 1 |a дифференциальные уравнения 
610 1 |a теплообмен 
610 1 |a расчет 
610 1 |a нелинейные задачи 
610 1 |a вариационные методы 
610 1 |a интегральные методы 
610 1 |a решение 
610 1 |a метод Лейбензона 
610 1 |a применение 
610 1 |a примеры 
675 |a 621.1.016.4  |v 3 
700 1 |a Кудряшев  |b Л. И.  |g Леонид Иванович 
701 1 |a Меньших  |b Н. Л.  |g Надежда Леонидович 
702 1 |a Кудряшев  |b Л. И.  |g Леонид Иванович  |4 340 
801 1 |a RU  |b 63413507  |c 20150514 
801 2 |a RU  |b 63413507  |c 20160607  |g RCR 
942 |c BK